| 000 | 00592nam a2200193Ia 4500 | ||
|---|---|---|---|
| 003 | GCL | ||
| 005 | 20240530105314.0 | ||
| 008 | 140319s9999 xx 000 0 ara d | ||
| 040 |
_aGCL / _cGCL |
||
| 082 | 0 | 4 |
_a347 _bم م |
| 100 | 1 | _aمعوض عبدالتواب | |
| 245 | 1 | 0 |
_aمدونة القانون المدنى / _cمعوض عبدالتواب |
| 260 |
_a[S.N] : _bمنشاة المعارف الاسلامية ، _c1987 |
||
| 300 | _a2014 ص | ||
| 490 |
_aالكتب القانونية _v0 |
||
| 650 | 0 | 4 | _aالقانون |
| 650 | 0 | 4 | _aالقانون المدنى |
| 942 |
_2ddc _cBK |
||
| 999 |
_c54766 _d54766 |
||